00691nam a2200181Ia 4500008004100000020001800041041000800059082001500067100003300082245007900115260002300194300000800217365001600225700003300241906005000274999001900324952016600343230718s9999 xx 000 0 und d a9789352137602 aeng a006.3bDAS aDas Bhattacharjee A.9201235 aPractice Workbook Artificial Intelligence And Soft Computing For Beginners c2018bSPD/O'Reilly a190 cRs.b325.00 aDas Bhattacharjee A.9201235 dO:0622726-Nov-2018B:489112-Nov-2018cTCb71.5 c348884d348884 00104070aCCEPbCCEPd2018-11-26eTechnical Book ServicesfTCg253.50i4891l0o006.3pCCEP-BK-60091r2023-07-18 00:00:00t71.5v325.00w2018-11-12yBKz060091